书目信息 |
| 题名: |
校长与学校总务
|
|
| 作者: | 王绪池 , 张国光, 主编 | |
| 分册: | ||
| 出版信息: | 保定 河北大学出版社 2014 |
|
| 页数: | 280页 | |
| 开本: | 24cm | |
| 丛书名: | 中小学校长培训教材系列丛书 | |
| 单 册: | ||
| 中图分类: | G637.4 | |
| 科图分类: | ||
| 主题词: | 中小学--zhong xiao xue--学校管理--总务工作 | |
| 电子资源: | ||
| ISBN: | 978-7-5666-0157-5 | |
| 000 | 01064nam 2200289 45 | |
| 001 | 012001004556 | |
| 005 | 20140124155816.0 | |
| 010 | @a978-7-5666-0157-5@dCNY36.00 | |
| 099 | @aCAL 012012289566 | |
| 100 | @a20121122d2012 em y0chiy50 ea | |
| 101 | 0 | @achi |
| 102 | @aCN@b130000 | |
| 105 | @ay a 000yy | |
| 106 | @ar | |
| 200 | 1 | @a校长与学校总务@Axiao zhang yu xue xiao zong wu@f主编王绪池, 张国光 |
| 210 | @a保定@c河北大学出版社@d2014 | |
| 215 | @a280页@d24cm | |
| 225 | 2 | @a中小学校长培训教材系列丛书@Azhong xiao xue xiao zhang pei xun jiao cai xi lie cong shu |
| 320 | @a有书目 (第279-280页) | |
| 330 | @a本书以学校总务工作常见问题分析和解决为主, 内容涵盖学校财务管理、教育装备管理、生活管理、人力资源管理、安全管理等, 并有大量案例帮助理解。 | |
| 410 | 0 | @12001@a中小学校长培训教材系列丛书 |
| 606 | 0 | @a中小学@Azhong xiao xue@x学校管理@x总务工作 |
| 690 | @aG637.4@v5 | |
| 701 | 0 | @a王绪池@Awang xu chi@4主编 |
| 701 | 0 | @a张国光,@Azhang guo guang@f1959-@4主编 |
| 801 | 0 | @aCN@b江苏凤凰@c20191020 |
| 905 | @b1238894-9@dG637.4@e1659@f6 | |
| 校长与学校总务/主编王绪池, 张国光.-保定:河北大学出版社,2014 |
| 280页;24cm.-(中小学校长培训教材系列丛书) |
| ISBN 978-7-5666-0157-5:CNY36.00 |
| 本书以学校总务工作常见问题分析和解决为主, 内容涵盖学校财务管理、教育装备管理、生活管理、人力资源管理、安全管理等, 并有大量案例帮助理解。 |
| ● |
| 相关链接 |
|
|
|
|
正题名:校长与学校总务
索取号:G637.4/1659
 
预约/预借
| 序号 | 登录号 | 条形码 | 馆藏地/架位号 | 状态 | 备注 |
| 1 | 1238894 | 212388940 | 第一样本阅览室/ [索取号:G637.4/1659] | 在馆 | |
| 2 | 1238895 | 212388959 | 教育系资料室/ [索取号:G637.4/1659] | 在馆 | |
| 3 | 1238896 | 212388968 | 教育系资料室/ [索取号:G637.4/1659] | 在馆 | |
| 4 | 1238897 | 212388977 | 教育系资料室/ [索取号:G637.4/1659] | 在馆 | |
| 5 | 1238898 | 212388986 | 第四借阅区/ [索取号:G637.4/1659] | 在馆 | |
| 6 | 1238899 | 212388995 | 第四借阅区/ [索取号:G637.4/1659] | 在馆 |